[Event "Canarias en Red prel 3rd"]
[Site "Playchess.com INT"]
[Date "2004.05.05"]
[Round "9"]
[White "Kvaratskhelia, Beka"]
[Black "Wornath, Kai Rudolf"]
[Result "0-1"]
[WhiteElo "2244"]
[BlackElo "2382"]
[PlyCount "90"]
[EventDate "2004.05.05"]
[EventType "swiss (blitz)"]
[EventRounds "13"]
[EventCountry "GER"]
[SourceTitle "EXT 2005"]
[Source "ChessBase"]
[SourceDate "2004.11.15"]
[SourceVersion "1"]
[SourceVersionDate "2004.11.15"]
[SourceQuality "1"]

1. d4 Nf6 2. c4 c5 3. Nf3 cxd4 4. Nxd4 e5 5. Nb5 d5 6. cxd5 Bc5 7. e3 0-0 8. N5c3 a6 9. Be2 b5 10. a3 Bb7 11. e4 Nbd7 12. 0-0 Nb6 13. Bg5 h6 14. Bh4 Rc8 15. Nd2 Qd6 16. Rc1 Bd4 17. Bd3 Nfd7 18. Ndb1 Nc5 19. b4 Nxd3 20. Qxd3 Nc4 21. Ne2 Ba7 22. Ng3 g6 23. Ne2 Kg7 24. Qh3 Rc7 25. Rc3 Qd7 26. Qf3 g5 27. Bg3 f6 28. Qh5 Rfc8 29. h4 Qf7 30. Qg4 h5 31. Qf5 Nd6 32. Qf3 g4 33. Qd3 Qg6 34. Rfc1 Rxc3 35. Nbxc3 Rc4 36. Kh2 Bb6 37. a4 Rxb4 38. axb5 axb5 39. Na2 Rc4 40. Rxc4 bxc4 41. Qc3 Qxe4 42. Qb4 Qxd5 43. f3 gxf3 44. Qxb6 fxe2 45. Qc7+ Kg6 0-1